00659nam a2200241 a 4500001001300000003000900013005001700022008004100039020001000080082001500090100001500105245003400120260003800154300000900192500003500201505002400236650001800260700001500278902000800293942000700301952009400308999001500402nice12345678IN_TiNIC20260116011453.0050524s1917 newa grp 000 0 eng  ac10000a220.9bJAM aJames, M R aBiblical Antiquitie of Philo. aNew YorkbMacmillan Companyc1917 a280p aincludes index and biblioraphy2 aIndex, Bibliography aBible-History1 aJames, M R bSRS cBK 00104070aHMIbHMId2007-06-18g100.00l0o220.9 JAMp416r2007-06-18w2026-01-16yARB c1832d1832